Hệ thống cung cấp điện của xí nghiệp công nghiệp đô thị và nhà cao tầng
Đã lưu trong:
| Tác giả chính: | |
|---|---|
| Định dạng: | Sách |
| Ngôn ngữ: | Undetermined |
| Được phát hành: |
Hà Nội
Khoa học và Kỹ thuật
2005
|
| Những chủ đề: | |
| Các nhãn: |
Thêm thẻ
Không có thẻ, Là người đầu tiên thẻ bản ghi này!
|
| Thư viện lưu trữ: | Trung tâm Học liệu Trường Đại học Cần Thơ |
|---|
| LEADER | 00629nam a2200193Ia 4500 | ||
|---|---|---|---|
| 001 | CTU_96892 | ||
| 008 | 210402s9999 xx 000 0 und d | ||
| 020 | |c 67000 | ||
| 082 | |a 621.3192 | ||
| 082 | |b H305 | ||
| 100 | |a Nguyễn, Công Hiền | ||
| 245 | 0 | |a Hệ thống cung cấp điện của xí nghiệp công nghiệp đô thị và nhà cao tầng | |
| 245 | 0 | |c Nguyễn Công Hiền | |
| 260 | |a Hà Nội | ||
| 260 | |b Khoa học và Kỹ thuật | ||
| 260 | |c 2005 | ||
| 650 | |a Electric power supply | ||
| 904 | |i Trúc | ||
| 980 | |a Trung tâm Học liệu Trường Đại học Cần Thơ | ||